| 000 | 01623nam a2200373 c 4500 | ||
|---|---|---|---|
| 003 | BLK | ||
| 005 | 20240612115907.0 | ||
| 008 | 180410b bul|||||r ||||||| ||bul|| | ||
| 010 | _aKNG00157597000 | ||
| 020 |
_a978-954-28-1432-0 _bиздат.: Сиела Норма |
||
| 040 | _aBLK | ||
| 041 |
_aBUL _cBUL _hENG |
||
| 072 | 7 |
_2bullib _aН34 _xПраво Н |
|
| 080 |
_aСъдопроизводство (Съдебна процедура). Съдоустройство (Организация на съдилищата и прокуратурата). Вж и 343. 1;344;348 _b347.9 _x(4-6) _z347.9(4-6) |
||
| 100 | 1 |
_aКоторова, Иванка Тодорова _eпърви автор _9331295 |
|
| 139 |
_aКоторова, Иванка Тодорова _bК 87 |
||
| 245 | 1 | 0 |
_aЕвропейска прокуратура _bСб. нормат. актове _cИванка Тодорова Которова. |
| 257 | _aBGR | ||
| 260 |
_аСофия _bСиела Норма _c2014 |
||
| 300 |
_a460 с. _c21 см |
||
| 380 | _a3 | ||
| 500 | _aТекст и на англ. ез. - Библиогр. под линия. | ||
| 650 | 4 |
_aПрокуратура - Европа _9331296 |
|
| 650 | 4 |
_aЕвропейски съюз - законодателни и директивни материали _9263637 |
|
| 651 | 4 |
_aЕвропа _9244407 |
|
| 653 | _aпрокуратура | ||
| 659 | _aН | ||
| 852 | _aЦб 268225 | ||
| 856 | 4 |
_qpdf _u |
|
| 856 | 4 |
_qpdf _u |
|
| 942 |
_cKNG _n0 _01 |
||
| 944 |
_aCR _c08.03.2014 _lМинев Младен _k30530 |
||
| 944 |
_aED _c04.09.2014 _lф / _k |
||
| 999 |
_c151211 _d151211 |
||